Generator Puzzle (13-Letters) #5 - Statistics

General Stats
  • This quiz has been taken 157 times
  • The average score is 13 of 21
Answer Stats
Hint Answer % Correct
Gambling house Casino
94%
French snail Escargot
91%
Raul or Fidel Castro
90%
Roman ruler; salad Caesar
86%
Nut of an oak tree Acorn
82%
Bug, beetle, eg. Insect
76%
South American country Argentina
75%
Flower fluid Nectar
71%
Tallinn resident Estonian
65%
Rogers' dance partner Astaire
64%
C.S. Lewis' land Narnia
64%
Lack of knowledge Ignorance
63%
US State Oregon
55%
South American capital Santiago
54%
As (Element no. 33) Arsenic
53%
50 Shades of Grey genre Erotica
43%
US president in 1875 Grant
38%
Ode on a _______ urn Grecian
33%
13-Letter Word OCTOGENARIANS
24%
Catastrophic, disastrous Tragic
24%
Wicked, devilish Satanic
21%
No matching quizzes found
Score Distribution
Percent of People with Each Score
Percentile by Number Answered
Your Score History
You have not taken this quiz